000 00734nam a22002177a 4500
003 OSt
005 20230928090941.0
008 221006b |||||||| |||| 00| 0 eng d
040 _cBiblioteca Lado V
082 _a709.05
_bB268b
100 _91111
_aBarrantes, Errol
_eautor
245 _aBueno, está bien/
260 _bCentro Cultural España
_c2004
_aCosta Rica
300 _c20x20cm
_a8p.
366 _espa
650 _2Tesauro de Arte & Arquitectura
_aARTE
_9703
650 _2Tesauro de Arte & Arquitectura
_aARTE CONTEMPORANEO
_9702
650 _2Tesauro de Arte & Arquitectura
_aCRITICA
_9702
650 _2Tesauro de Arte & Arquitectura
_aEMISIÓN DE GAS EN TELA
942 _2ddc
_c1
_h709.05
_iB268b
_n0
999 _c4403
_d4403